[Event "Pocos de Caldas op"]
[Site "Pocos de Caldas"]
[Date "2018.03.04"]
[Round "6"]
[White "Do Valle Cardoso, Lucas"]
[Black "Da Silva, Alessandro Bezerra"]
[Result "1/2-1/2"]
[WhiteElo "2051"]
[BlackElo "1934"]
[PlyCount "27"]
[EventDate "2018.03.02"]
[EventType "swiss"]
[EventRounds "6"]
[EventCountry "BRA"]
[SourceTitle "CBM 183 Extra"]
[Source "ChessBase"]
[SourceDate "2018.04.19"]
[SourceVersion "1"]
[SourceVersionDate "2018.04.19"]
[SourceQuality "1"]

1. e4 c5 2. Nf3 d6 3. d4 cxd4 4. Nxd4 Nf6 5. Nc3 g6 6. Be3 Bg7 7. f3 0-0 8. Qd2 Nc6 9. 0-0-0 Nxd4 10. Bxd4 Be6 11. Kb1 Qc7 12. g4 Rfc8 13. h4 Qa5 14. a3 1/2-1/2

[Event "Brazil Pocos de Caldas op"]
[Site "Pocos de Caldas"]
[Date "2018.03.03"]
[Round "4"]
[White "Bueno Filho, Julio Silvio de S"]
[Black "Da Silva, Alessandro Bezerra"]
[Result "0-1"]
[WhiteElo "2099"]
[BlackElo "1934"]
[PlyCount "78"]
[EventDate "2018.03.02"]
[EventType "swiss"]
[EventRounds "6"]
[EventCountry "BRA"]
[SourceTitle "CBM 183 Extra"]
[Source "ChessBase"]
[SourceDate "2018.04.19"]
[SourceVersion "1"]
[SourceVersionDate "2018.04.19"]
[SourceQuality "1"]

1. d4 Nf6 2. c4 e5 3. dxe5 Ng4 4. Bf4 g5 5. Bg3 Bg7 6. Nf3 Nc6 7. Nc3 Ngxe5 8. Nxe5 Nxe5 9. e3 h5 10. h4 g4 11. Qc2 d6 12. Be2 Be6 13. Ne4 b6 14. Ng5 Bd7 15. f4 gxf3 16. gxf3 Bc6 17. 0-0-0 Qe7 18. Rhe1 0-0-0 19. Bxe5 Bxe5 20. Qf5+ Rd7 21. f4 Bg7 22. Bd3 Kb8 23. Be4 Bxe4 24. Qxe4 Qxe4 25. Nxe4 Re7 26. Ng3 Bf6 27. Nf5 Re4 28. b3 Kc8 29. Rg1 Kd7 30. Rd5 Rhe8 31. Kd2 a5 32. Rg3 a4 33. Rf3 axb3 34. axb3 Ra8 35. Ng3 Ra2+ 36. Ke1 Bxh4 37. Rxh5 Bxg3+ 38. Rxg3 Rb2 39. Rb5 Re8 0-1

[Event "Brazil Pocos de Caldas op"]
[Site "Pocos de Caldas"]
[Date "2018.03.02"]
[Round "1"]
[White "Da Silva, Alessandro Bezerra"]
[Black "Haraguchi, Diego Sashaki"]
[Result "1-0"]
[WhiteElo "1934"]
[BlackElo "1280"]
[PlyCount "37"]
[EventDate "2018.03.02"]
[EventType "swiss"]
[EventRounds "6"]
[EventCountry "BRA"]
[SourceTitle "CBM 183 Extra"]
[Source "ChessBase"]
[SourceDate "2018.04.19"]
[SourceVersion "1"]
[SourceVersionDate "2018.04.19"]
[SourceQuality "1"]

1. e4 c5 2. Nc3 Nc6 3. f4 g6 4. Nf3 Bg7 5. Bc4 e6 6. f5 exf5 7. d3 Nf6 8. 0-0 0-0 9. Qe1 Re8 10. Qh4 Na5 11. Bg5 fxe4 12. Nxe4 Rxe4 13. dxe4 h6 14. Bxf7+ Kxf7 15. Bxh6 Bxh6 16. Qxh6 d6 17. Ng5+ Ke7 18. Qg7+ Ke8 19. Qf7# 1-0

[Event "Sao Paulo Interclubs Paulista"]
[Site "Sao Paulo"]
[Date "2017.03.12"]
[Round "7.1"]
[White "Languidey, Simon Alejandro"]
[Black "Da Silva, Alessandro Bezerra"]
[Result "1-0"]
[WhiteElo "2394"]
[BlackElo "2133"]
[PlyCount "53"]
[EventDate "2017.03.04"]
[EventType "team-tourn"]
[EventRounds "7"]
[EventCountry "BRA"]
[SourceTitle "CBM 177 Extra"]
[Source "ChessBase"]
[SourceDate "2017.04.27"]
[SourceVersion "1"]
[SourceVersionDate "2017.04.27"]
[SourceQuality "1"]
[WhiteTeam "Pinheiros"]
[BlackTeam "Sao Jose ARJ"]
[WhiteTeamCountry "BRA"]
[BlackTeamCountry "BRA"]

1. e4 d5 2. exd5 Qxd5 3. Nc3 Qd6 4. d4 Nf6 5. Bc4 a6 6. a4 Nc6 7. Nge2 Bg4 8. f3 Bh5 9. 0-0 0-0-0 10. Be3 e6 11. Rb1 Be7 12. Qc1 Bg6 13. Rd1 Nb4 14. Bb3 Nbd5 15. Bf2 h5 16. Bxd5 Nxd5 17. Nxd5 exd5 18. b4 h4 19. b5 a5 20. b6 cxb6 21. Rb3 Qf6 22. c4 dxc4 23. d5 Rd6 24. Qxc4+ Kb8 25. Rc1 Qe5 26. Qc7+ Ka8 27. Rxb6 1-0

[Event "Sao Paulo Interclubs Paulista"]
[Site "Sao Paulo"]
[Date "2017.03.11"]
[Round "6.1"]
[White "Da Silva, Alessandro Bezerra"]
[Black "Barbosa, Evandro Amorim"]
[Result "0-1"]
[WhiteElo "2133"]
[BlackElo "2207"]
[PlyCount "54"]
[EventDate "2017.03.04"]
[EventType "team-tourn"]
[EventRounds "7"]
[EventCountry "BRA"]
[SourceTitle "CBM 177 Extra"]
[Source "ChessBase"]
[SourceDate "2017.04.27"]
[SourceVersion "1"]
[SourceVersionDate "2017.04.27"]
[SourceQuality "1"]
[WhiteTeam "Sao Jose ARJ"]
[BlackTeam "Osasco"]
[WhiteTeamCountry "BRA"]
[BlackTeamCountry "BRA"]

1. e4 c5 2. Nc3 Nc6 3. f4 g6 4. Nf3 Bg7 5. Bc4 e6 6. f5 Nge7 7. fxe6 dxe6 8. 0-0 0-0 9. d3 Na5 10. Bb3 Nxb3 11. axb3 Nc6 12. Bg5 f6 13. Be3 Nd4 14. Ne2 e5 15. c3 Nxf3+ 16. Rxf3 Qe7 17. Qc2 Bg4 18. Rff1 b6 19. Ng3 Rad8 20. h3 Be6 21. Rad1 Rd6 22. Rd2 Rfd8 23. Rfd1 f5 24. Ne2 f4 25. Bf2 f3 26. gxf3 Qf7 27. c4 Qxf3 0-1

[Event "Sao Paulo Interclubs Paulista"]
[Site "Sao Paulo"]
[Date "2017.03.05"]
[Round "4.1"]
[White "Da Silva, Alessandro Bezerra"]
[Black "Maia, Luciano Malta"]
[Result "0-1"]
[WhiteElo "2133"]
[BlackElo "2348"]
[PlyCount "70"]
[EventDate "2017.03.04"]
[EventType "team-tourn"]
[EventRounds "7"]
[EventCountry "BRA"]
[SourceTitle "CBM 177 Extra"]
[Source "ChessBase"]
[SourceDate "2017.04.27"]
[SourceVersion "1"]
[SourceVersionDate "2017.04.27"]
[SourceQuality "1"]
[WhiteTeam "Sao Jose ARJ"]
[BlackTeam "Circulo Militar"]
[WhiteTeamCountry "BRA"]
[BlackTeamCountry "BRA"]

1. e4 c5 2. Nc3 Nc6 3. f4 g6 4. Nf3 Bg7 5. Bc4 d6 6. 0-0 Nf6 7. d3 0-0 8. Qe1 e6 9. f5 d5 10. Bb3 c4 11. dxc4 dxe4 12. Nxe4 exf5 13. Nxf6+ Bxf6 14. Qg3 Nd4 15. Nxd4 Qxd4+ 16. Kh1 Be6 17. c3 Qe4 18. Bh6 Rfc8 19. Rae1 Qh4 20. Qf4 Qxf4 21. Rxf4 Bg7 22. Bxg7 Kxg7 23. Re5 Rc6 24. c5 Kf6 25. Re2 Rxc5 26. Rb4 Rd8 27. Kg1 b6 28. Kf2 Rd6 29. Bc2 Bc4 30. Rxc4 Rxc4 31. g3 Rc7 32. Kf3 Re7 33. Rf2 Re1 34. c4 Rd4 35. b3 h5 0-1

[Event "Sao Bernardo do Campo LXSBC fin-B"]
[Site "Sao Bernardo do Campo"]
[Date "2017.01.29"]
[Round "9"]
[White "Da Silva, Alessandro Bezerra"]
[Black "Tamarozi, Isabelle"]
[Result "0-1"]
[WhiteElo "1954"]
[BlackElo "1844"]
[PlyCount "116"]
[EventDate "2017.01.21"]
[EventType "tourn"]
[EventRounds "9"]
[EventCountry "BRA"]
[SourceTitle "EXT 2018"]
[Source "ChessBase"]
[SourceDate "2017.10.13"]
[SourceVersion "1"]
[SourceVersionDate "2017.10.13"]
[SourceQuality "1"]

1. e4 c5 2. Nc3 Nc6 3. f4 g6 4. Nf3 Bg7 5. Bc4 d6 6. 0-0 e6 7. f5 exf5 8. exf5 Bxf5 9. d3 h6 10. Qe1+ Nge7 11. Nh4 0-0 12. Nxf5 Nxf5 13. Bf4 Re8 14. Qd2 Bd4+ 15. Kh1 Qh4 16. g3 Qh3 17. Qg2 Qxg2+ 18. Kxg2 h5 19. h3 Re7 20. g4 hxg4 21. hxg4 Ng7 22. Bxd6 Rd7 23. Bg3 Re8 24. Rae1 Nb4 25. Rxe8+ Nxe8 26. Bb3 Nf6 27. Nd1 Nxg4 28. c3 Nxd3 29. cxd4 cxd4 30. Kf3 Nf6 31. Bh4 Ne5+ 32. Kg2 Nfg4 33. Bg5 Kg7 34. Bf4 f5 35. Bxe5+ Nxe5 36. Kg3 Kf6 37. Nf2 g5 38. Ne4+ Kg6 39. Nc5 f4+ 40. Kg2 Rc7 41. Ne6 Rc8 42. Nxd4 Rd8 43. Nf3 Ng4 44. Re1 Ne3+ 45. Kf2 g4 46. Ne5+ Kf5 47. Nxg4 Nxg4+ 48. Ke2 Re8+ 49. Kd2 Rxe1 50. Kxe1 Ke4 51. Bc2+ Ke3 52. Bf5 Ne5 53. b3 f3 54. Kf1 f2 55. Bh3 Nf3 56. Kg2 Nd2 57. Kg3 f1Q 58. Bxf1 Nxf1+ 0-1

[Event "Sao Bernardo do Campo LXSBC fin-B"]
[Site "Sao Bernardo do Campo"]
[Date "2017.01.28"]
[Round "6"]
[White "Rodrigo da Silva, Edson"]
[Black "Da Silva, Alessandro Bezerra"]
[Result "1/2-1/2"]
[WhiteElo "1991"]
[BlackElo "1954"]
[PlyCount "70"]
[EventDate "2017.01.21"]
[EventType "tourn"]
[EventRounds "9"]
[EventCountry "BRA"]
[SourceTitle "EXT 2018"]
[Source "ChessBase"]
[SourceDate "2017.10.13"]
[SourceVersion "1"]
[SourceVersionDate "2017.10.13"]
[SourceQuality "1"]

1. d4 Nf6 2. c4 e5 3. dxe5 Ng4 4. e3 Nxe5 5. Nh3 g6 6. Nf4 Bg7 7. Nc3 d6 8. Be2 0-0 9. 0-0 Nbd7 10. Qc2 Nc5 11. b3 Ne6 12. Nxe6 Bxe6 13. f4 Nc6 14. Bb2 Bf5 15. Qd2 Re8 16. Nd5 Be4 17. Bxg7 Kxg7 18. Qc3+ f6 19. Bf3 Bxd5 20. cxd5 Ne7 21. e4 c6 22. dxc6 Qb6+ 23. Kh1 Qxc6 24. Qb2 Qb6 25. Rad1 Rad8 26. Rfe1 Nc6 27. h3 Qc7 28. b4 Qe7 29. Rd5 Qc7 30. Red1 Ne7 31. R5d3 b5 32. Qd2 Nc8 33. Rc1 Qb6 34. Rdc3 Ne7 35. Rd3 Nc8 1/2-1/2

[Event "Caioba Telecom op"]
[Site "Caioba"]
[Date "2016.08.28"]
[Round "6"]
[White "Da Silva, Alessandro Bezerra"]
[Black "Prol Medeiros, Horacio"]
[Result "1-0"]
[WhiteElo "1919"]
[BlackElo "2051"]
[PlyCount "45"]
[EventDate "2016.08.26"]
[EventType "swiss"]
[EventRounds "6"]
[EventCountry "BRA"]
[SourceTitle "CBM 174 Extra"]
[Source "ChessBase"]
[SourceDate "2016.10.10"]
[SourceVersion "1"]
[SourceVersionDate "2016.10.10"]
[SourceQuality "1"]

1. e4 e5 2. Nf3 Nc6 3. d4 exd4 4. Nxd4 Bc5 5. Be3 Qf6 6. c3 Nge7 7. Bc4 Bb6 8. 0-0 Nxd4 9. cxd4 Nc6 10. e5 Qe7 11. a3 d6 12. exd6 Qxd6 13. Nc3 0-0 14. Qh5 Qg6 15. Qxg6 hxg6 16. Rad1 Ne7 17. Na4 Bd7 18. Nc5 Bg4 19. f3 Bc8 20. Rfe1 Nf5 21. Bf2 Rd8 22. g4 Nxd4 23. Rxd4 1-0

[Event "Caioba Telecom op"]
[Site "Caioba"]
[Date "2016.08.27"]
[Round "3"]
[White "Gauche, Charles"]
[Black "Da Silva, Alessandro Bezerra"]
[Result "1-0"]
[WhiteElo "2237"]
[BlackElo "1919"]
[PlyCount "79"]
[EventDate "2016.08.26"]
[EventType "swiss"]
[EventRounds "6"]
[EventCountry "BRA"]
[SourceTitle "CBM 174 Extra"]
[Source "ChessBase"]
[SourceDate "2016.10.10"]
[SourceVersion "1"]
[SourceVersionDate "2016.10.10"]
[SourceQuality "1"]

1. e4 c5 2. Nf3 d6 3. d4 cxd4 4. Nxd4 Nf6 5. Nc3 g6 6. Be3 Bg7 7. Be2 0-0 8. 0-0 Nc6 9. Nb3 a5 10. a4 Be6 11. f4 Bxb3 12. cxb3 Rc8 13. Bf3 Qc7 14. Rc1 Qb8 15. Qe2 Nd7 16. Rfd1 Nb4 17. Qb5 Nc5 18. Qxa5 Nbd3 19. Qb5 Nxc1 20. Rxc1 e6 21. e5 b6 22. exd6 Qxd6 23. Rd1 Qb8 24. b4 Nb3 25. Qxb6 Qxb6 26. Bxb6 Rb8 27. a5 Rxb6 28. axb6 Bd4+ 29. Kf1 Bxb6 30. Na4 Bc7 31. Rd3 Nc1 32. Rd4 Nb3 33. Rd3 Nc1 34. Rc3 Bxf4 35. g3 Bh6 36. b5 Na2 37. Rc4 Rb8 38. b6 Bf8 39. b7 Bd6 40. Nb6 1-0

[Event "Sao Bernardo do Campo IRT-B"]
[Site "Sao Bernardo do Campo"]
[Date "2012.01.29"]
[Round "8"]
[White "Goncalves, Leonardo Yamamoto"]
[Black "Da Silva, Alessandro Bezerra"]
[Result "0-1"]
[WhiteElo "1821"]
[BlackElo "1955"]
[PlyCount "140"]
[EventDate "2012.01.21"]
[EventType "tourn"]
[EventRounds "9"]
[EventCountry "BRA"]
[SourceTitle "EXT 2013"]
[Source "ChessBase"]
[SourceDate "2012.11.22"]
[SourceVersion "1"]
[SourceVersionDate "2012.11.22"]
[SourceQuality "1"]

1. e4 c5 2. Nc3 Nc6 3. f4 g6 4. Nf3 Bg7 5. Bb5 Nd4 6. 0-0 a6 7. Bc4 e6 8. d3 Ne7 9. e5 d6 10. exd6 Qxd6 11. Ne4 Qc7 12. c3 Ndf5 13. g4 b5 14. gxf5 gxf5 15. Bb3 fxe4 16. dxe4 Bb7 17. Qe2 0-0 18. Bc2 Kh8 19. e5 Qc6 20. Kf2 f6 21. Qd3 Qxf3+ 22. Qxf3 Bxf3 23. exf6 Rxf6 24. Kxf3 Raf8 25. Kg2 Nd5 26. Kg3 Bh6 27. a4 Bxf4+ 28. Bxf4 Nxf4 29. axb5 axb5 30. Rae1 Rg8+ 31. Kf3 Ng2+ 32. Ke4 Nxe1 33. Rxf6 Nxc2 34. Rxe6 Kg7 35. Kd3 Na1 36. Rb6 Rd8+ 37. Ke3 Nc2+ 38. Ke2 b4 39. Rc6 Rd5 40. Rc7+ Kg6 41. Rc6+ Kh5 42. Kf3 bxc3 43. bxc3 Rd3+ 44. Ke2 Rd5 45. Kf3 Na3 46. Ke4 Rg5 47. Rb6 Nc4 48. Rc6 Na5 49. Rc7 h6 50. Ra7 Nc6 51. Ra6 Ne7 52. h4 Rg4+ 53. Ke5 Rxh4 54. Kd6 Rc4 55. Kxe7 Rxc3 56. Kf7 Rg3 57. Ra5 Rg5 58. Ra4 Rf5+ 59. Ke6 Kg5 60. Rc4 h5 61. Ra4 h4 62. Ra3 Kg4 63. Rb3 c4 64. Rb8 h3 65. Rg8+ Rg5 66. Rc8 h2 67. Rxc4+ Kh3 68. Rc3+ Rg3 69. Rc1 Rg1 70. Rc3+ Kg4 0-1

[Event "Sao Bernardo do Campo IRT-B"]
[Site "Sao Bernardo do Campo"]
[Date "2012.01.27"]
[Round "5"]
[White "Sztokbant, Bernardo Vainzoff"]
[Black "Da Silva, Alessandro Bezerra"]
[Result "1-0"]
[WhiteElo "2016"]
[BlackElo "1955"]
[PlyCount "53"]
[EventDate "2012.01.21"]
[EventType "tourn"]
[EventRounds "9"]
[EventCountry "BRA"]
[SourceTitle "EXT 2013"]
[Source "ChessBase"]
[SourceDate "2012.11.22"]
[SourceVersion "1"]
[SourceVersionDate "2012.11.22"]
[SourceQuality "1"]

1. e4 c5 2. Nf3 d6 3. d4 cxd4 4. Nxd4 Nf6 5. Nc3 g6 6. Be2 Bg7 7. 0-0 0-0 8. Be3 Nc6 9. Nb3 a5 10. a4 Be6 11. f4 Rc8 12. Bf3 Bxb3 13. cxb3 Nb4 14. Rf2 Nd7 15. e5 dxe5 16. Rd2 exf4 17. Bf2 Ne5 18. Rxd8 Rfxd8 19. Qe2 Rd7 20. Rd1 Ned3 21. Be4 Bxc3 22. Bxd3 Bf6 23. Bc4 Rcd8 24. Be1 Nc6 25. Bc3 Nd4 26. Qg4 Rc7 27. Qxf4 1-0

[Event "Sao Bernardo do Campo IRT-B"]
[Site "Sao Bernardo do Campo"]
[Date "2012.01.22"]
[Round "4"]
[White "Da Silva, Alessandro Bezerra"]
[Black "Vasconcelos, Paulo Cesar da S"]
[Result "1/2-1/2"]
[WhiteElo "1955"]
[BlackElo "1833"]
[PlyCount "91"]
[EventDate "2012.01.21"]
[EventType "tourn"]
[EventRounds "9"]
[EventCountry "BRA"]
[SourceTitle "EXT 2013"]
[Source "ChessBase"]
[SourceDate "2012.11.22"]
[SourceVersion "1"]
[SourceVersionDate "2012.11.22"]
[SourceQuality "1"]

1. e4 c5 2. Nf3 d6 3. d4 cxd4 4. Nxd4 Nf6 5. Nc3 g6 6. Be3 Bg7 7. Bc4 0-0 8. f3 Nc6 9. Qd2 Nd7 10. 0-0-0 Nb6 11. Bb3 Na5 12. Qe2 Nxb3+ 13. Nxb3 Be6 14. h4 Nc4 15. Bd4 a5 16. Bxg7 Kxg7 17. Nd4 Qc8 18. g4 a4 19. Rdg1 Bd7 20. Nd5 e6 21. Ne3 Nxe3 22. Qxe3 e5 23. Nf5+ Bxf5 24. gxf5 f6 25. Rg2 Qc5 26. Qd2 a3 27. b3 Rac8 28. fxg6 h5 29. Rd1 Rc6 30. Qd3 Rh8 31. Kb1 Rh6 32. c4 Rxg6 33. Qf1 Qe3 34. Rxg6+ Kxg6 35. Rd3 Qf4 36. Qg2+ Kf7 37. Rd1 Qe3 38. Qd2 Qxd2 39. Rxd2 Ke6 40. Rd5 Rc8 41. Ra5 Rg8 42. Rxa3 Rg3 43. Ra7 Rxf3 44. Rxb7 f5 45. exf5+ Rxf5 46. a4 1/2-1/2

[Event "Sao Bernardo do Campo IRT-B"]
[Site "Sao Bernardo do Campo"]
[Date "2012.01.21"]
[Round "1"]
[White "Gotz, Klaus Seiji Furucho"]
[Black "Da Silva, Alessandro Bezerra"]
[Result "1-0"]
[WhiteElo "1929"]
[BlackElo "1955"]
[PlyCount "87"]
[EventDate "2012.01.21"]
[EventType "tourn"]
[EventRounds "9"]
[EventCountry "BRA"]
[SourceTitle "EXT 2013"]
[Source "ChessBase"]
[SourceDate "2012.11.22"]
[SourceVersion "1"]
[SourceVersionDate "2012.11.22"]
[SourceQuality "1"]

1. d4 Nf6 2. c4 e5 3. dxe5 Ng4 4. Bf4 g5 5. Bd2 Bg7 6. Nf3 Nxe5 7. Bc3 Nbc6 8. Nxe5 Nxe5 9. e3 Qe7 10. Be2 0-0 11. f4 Ng6 12. Bxg7 Kxg7 13. Qd4+ Kg8 14. Nc3 c6 15. fxg5 Re8 16. 0-0-0 Qxe3+ 17. Qxe3 Rxe3 18. Rhe1 Ne5 19. Bf1 Rxe1 20. Rxe1 d6 21. Ne4 Be6 22. Nxd6 Rd8 23. Nxb7 Nd3+ 24. Bxd3 Rxd3 25. Nc5 Rd4 26. Nxe6 Rxc4+ 27. Kd2 fxe6 28. Rxe6 Kf7 29. Rf6+ Kg7 30. g3 a5 31. Rf5 a4 32. Rf4 Rc5 33. Rxa4 Rxg5 34. Rc4 Rb5 35. Kc3 Rb6 36. a4 Kf6 37. Rc5 Ke6 38. a5 Ra6 39. b4 Kd6 40. Kd4 Ra7 41. Rh5 Rd7 42. g4 Rf7 43. Rh6+ Kd7 44. Kc5 1-0

[Event "Sao Bernardo LXSBC 1st"]
[Site "Sao Bernardo do Campo"]
[Date "2008.07.18"]
[Round "2"]
[White "Limberg, Estacio Vermelho"]
[Black "Da Silva, Alessandro Bezerra"]
[Result "1-0"]
[WhiteElo "2282"]
[BlackElo "1994"]
[PlyCount "47"]
[EventDate "2008.07.18"]
[EventType "swiss"]
[EventRounds "6"]
[EventCountry "BRA"]
[SourceTitle "EXT 2022"]
[Source "ChessBase"]
[SourceDate "2021.10.06"]
[SourceVersion "1"]
[SourceVersionDate "2021.10.06"]
[SourceQuality "1"]

1. e4 c5 2. Nf3 d6 3. d4 cxd4 4. Nxd4 Nf6 5. Nc3 g6 6. f3 Bg7 7. Be3 0-0 8. Qd2 Nc6 9. Bc4 Bd7 10. Bb3 Rc8 11. 0-0-0 Ne5 12. g4 Nc4 13. Bxc4 Rxc4 14. h4 h5 15. gxh5 Nxh5 16. Kb1 b5 17. Nde2 b4 18. Nd5 Be6 19. Nef4 Qa5 20. Nxh5 gxh5 21. Rhg1 Bxd5 22. Rxg7+ Kxg7 23. Bh6+ Kh7 24. Bxf8 1-0